| 000 | 00890nac a22002291u 4500 | ||
|---|---|---|---|
| 010 | _a 96008514 | ||
| 020 | _a0256153671 | ||
| 035 | _a(DLC) 96008514 | ||
| 082 | 0 | 0 |
_a332.1068 _bS2571 |
| 090 |
_c4251 _d4251 |
||
| 100 | _aSaunders, Anthony, | ||
| 245 | 1 | 0 |
_aFinancial institutions management : _ba modern perspective / _cAnthony Saunders. |
| 250 | _a2nd ed. | ||
| 260 |
_aChicago : _bIrwin, _cc1997. |
||
| 300 |
_axx, 667 p. : _bill. ; _c27 cm. |
||
| 504 | _aIncludes bibliographical references (p. 643-651) and index. | ||
| 650 | 0 |
_aFinancial institutions _zUnited States _xManagement. |
|
| 650 | 0 |
_aRisk management _zUnited States. |
|
| 650 | 0 |
_aFinancial services industry _zUnited States _xManagement. |
|
| 942 |
_cBB _k332.1068S2571 |
||
| 999 |
_c4251 _d4251 |
||